• 首页
  • 本馆介绍
  • 公告通知
  • 最新文献
  • 馆藏检索
  • 电子资源
  • 读者导购
  • 参考咨询
  • 我的图书馆
  • 登录
  • 详细信息显示
  • 放入我的书架
  • 预约/预借图书
  • 作者相关作品
  • 分类相关作品
  • 丛书相关作品
  • 出版社相关作品

书目信息

  • 表格格式
  • 工作单格式
  • 卡片格式
题名:
景观小品设计
    
 
作者: 刘娜 主编
分册:  
出版信息: 北京   中国水利水电出版社  2014.1
页数: 247页
开本: 29cm
丛书名:
单 册:
中图分类: TU986.48
科图分类:
主题词: 园林小品--园林设计--高等学校--教材
电子资源:
ISBN: 978-7-5170-5519-8
000 00994nam0 2200253 450
001 0400002730
005 20171026085535.71
010    @a978-7-5170-5519-8@dCNY52.00
100    @a20170905d2017 em y0chiy50 ea
101 0  @achi
102    @aCN@b110000
105    @aa z 000yy
106    @ar
200 1  @a景观小品设计@9jing guan xiao pin she ji@f主编刘娜
205    @a第2版
210    @a北京@c中国水利水电出版社@d2014.1@h2017.5
215    @a247页@c彩图@d29cm
300    @a普通高等教育艺术设计类“十三五”规划教材
330    @a本教材以景观小品设计为研究对象,针对景观设计、环境艺术设计及相关专业所编写的本科教材,力求全面、系统、适用。分为九章,系统地分类归纳讲解了构筑物小品、雕塑、水景设施、铺地、绿化小品、景观照明、景观设施小品、游乐设施及无障碍设施等设计基础理论知识,采用大量设计实例加以说明。
606 0  @a园林小品@x园林设计@x高等学校@j教材
690    @aTU986.48@v5
701  0 @a刘娜@9liu na@4主编
801  0 @aCN@b91MARC@c20171021
905    @b1032630-4@dTU986.48@f5@e1148=2
    
    景观小品设计/主编刘娜.-第2版.-北京:中国水利水电出版社,2014.1(2017.5)
    247页:彩图;29cm
    普通高等教育艺术设计类“十三五”规划教材
    
    ISBN 978-7-5170-5519-8:CNY52.00
    本教材以景观小品设计为研究对象,针对景观设计、环境艺术设计及相关专业所编写的本科教材,力求全面、系统、适用。分为九章,系统地分类归纳讲解了构筑物小品、雕塑、水景设施、铺地、绿化小品、景观照明、景观设施小品、游乐设施及无障碍设施等设计基础理论知识,采用大量设计实例加以说明。
●
相关链接 在E读中查询图书 在五车中查询图书 在当当中查询图书 在豆瓣中查询图书


正题名:景观小品设计     索取号:TU986.48/1148=2         预约/预借

序号 登录号 条形码 馆藏地/架位号 状态 备注
1 1032630   210326306   第二样本阅览室/ [索取号:TU986.48/1148=2] 在馆    
2 1032631   210326315   密集书库-生命科学系/ [索取号:TU986.48/1148=2] 在馆    
3 1032632   210326324   第三借阅区/ [索取号:TU986.48/1148=2] 在馆    
4 1032633   210326333   第三借阅区/ [索取号:TU986.48/1148=2] 在馆    
5 1032634   210326342   第三借阅区/ [索取号:TU986.48/1148=2] 在馆    
唐山师范学院图书馆 欢迎您!
大连网信软件有限公司© 版权所有